King Crimson - Moonchild - Lyrics - Statistics

General Stats
  • This quiz has been taken 12 times
  • The average score is 56 of 100
Answer Stats
Hint Answer % Correct
Moonchild
100%
a
82%
the
82%
Verse 1 Call
73%
Dancing
73%
fountain
73%
Lovely
73%
of
73%
on
73%
for
64%
in
64%
river
64%
child
55%
from
55%
garden
55%
her
55%
mountain
55%
Chorus Sailing
55%
shallows
55%
smile
55%
sun
55%
Waiting
55%
and
45%
cobweb
45%
echos
45%
hide
45%
night
45%
Playing
45%
seek
45%
steps
45%
willow
45%
wind
45%
ghost
36%
with
36%
dawn
27%
flowers
27%
shadows
27%
Verse 2 She's
27%
silver
27%
Sleeping
27%
strange
27%
Chorus Talking
27%
to
27%
trees
27%
wands
27%
birds
18%
circle
18%
dial
18%
Dreaming
18%
Drifting
18%
Dropping
18%
gown
18%
milk
18%
song
18%
stones
18%
Waving
18%
white
18%
Gathering
9%
hours
9%
No matching quizzes found
Score Distribution
Percent of People with Each Score
Percentile by Number Answered
Your Score History
You have not taken this quiz